<?xml version="1.0" encoding="UTF-8"?>
<record
    xmlns:xsi="http://www.w3.org/2001/XMLSchema-instance"
    xsi:schemaLocation="http://www.loc.gov/MARC21/slim http://www.loc.gov/standards/marcxml/schema/MARC21slim.xsd"
    xmlns="http://www.loc.gov/MARC21/slim">

  <leader>02580nam a22003017a 4500</leader>
  <controlfield tag="001">9047</controlfield>
  <controlfield tag="003">FISKH</controlfield>
  <controlfield tag="005">20251117160543.0</controlfield>
  <controlfield tag="008">251117b        cb ||||| |||| 00| 0 eng d</controlfield>
  <datafield tag="020" ind1=" " ind2=" ">
    <subfield code="a">9789996301360</subfield>
  </datafield>
  <datafield tag="040" ind1=" " ind2=" ">
    <subfield code="a">FISKH </subfield>
    <subfield code="b">khr</subfield>
    <subfield code="c">FISKH </subfield>
    <subfield code="d">FISKH </subfield>
  </datafield>
  <datafield tag="082" ind1=" " ind2=" ">
    <subfield code="a">823</subfield>
  </datafield>
  <datafield tag="100" ind1=" " ind2=" ">
    <subfield code="a">Tongleang, Noeun</subfield>
  </datafield>
  <datafield tag="245" ind1=" " ind2=" ">
    <subfield code="a">&#x1794;&#x17C9;&#x17BC;&#x179B;&#x17B8;&#x179F;&#x1791;&#x1793;&#x17D2;&#x179F;&#x17B6;&#x1799;&#x1780;&#x17C6;&#x1785;&#x17B6;&#x178F;&#x17CB;&#x1782;&#x17D2;&#x179A;&#x17BF;&#x1784;&#x1789;&#x17C0;&#x1793; :</subfield>
    <subfield code="b">Rabbit police combats drug trafficking / </subfield>
    <subfield code="c">&#x1793;&#x17B7;&#x1796;&#x1793;&#x17D2;&#x1792;&#x178A;&#x17C4;&#x1799; &#x179B;&#x17C4;&#x1780; &#x1793;&#x17BF;&#x1793; &#x178F;&#x17BB;&#x1784;&#x179B;&#x17B6;&#x1784; ,&#x200B; &#x1780;&#x17C2;&#x179F;&#x1798;&#x17D2;&#x179A;&#x17BD;&#x179B;&#x178A;&#x17C4;&#x1799; &#x17A2;&#x17D2;&#x1793;&#x1780;&#x179F;&#x17D2;&#x179A;&#x17B8; &#x1782;&#x17B9;&#x1798;&#x179F;&#x17CA;&#x17BB;&#x1793; &#x179F;&#x17BB;&#x1792;&#x17B6;&#x179A;&#x17B8; ,&#x200B; &#x179B;&#x17C4;&#x1780; &#x1792;&#x17B8; &#x1785;&#x17B6;&#x1793;&#x17CB;&#x1790;&#x1793; &#x1793;&#x17B7;&#x1784; &#x1780;&#x1789;&#x17D2;&#x1789;&#x17B6; &#x17A0;&#x17C1;&#x1784; &#x1785;&#x179A;&#x17B7;&#x1799;&#x17B6;&#x200B;</subfield>
  </datafield>
  <datafield tag="260" ind1=" " ind2=" ">
    <subfield code="a">Phnom Penh : </subfield>
    <subfield code="b">Reading Books , </subfield>
    <subfield code="c">2011. </subfield>
  </datafield>
  <datafield tag="300" ind1=" " ind2=" ">
    <subfield code="a">23 pages : </subfield>
    <subfield code="b">color illustrations ;</subfield>
    <subfield code="c">25 cm.</subfield>
  </datafield>
  <datafield tag="490" ind1=" " ind2=" ">
    <subfield code="a">&#x1796;&#x17B7;&#x1797;&#x1796;&#x179A;&#x17BF;&#x1784;&#x1793;&#x17B7;&#x1791;&#x17B6;&#x1793;&#x200B;</subfield>
  </datafield>
  <datafield tag="505" ind1=" " ind2=" ">
    <subfield code="a">K 
</subfield>
  </datafield>
  <datafield tag="520" ind1=" " ind2=" ">
    <subfield code="a">&#x179A;&#x17BF;&#x1784;&#x1793;&#x17C1;&#x17C7;&#x1798;&#x17B6;&#x1793;&#x1794;&#x17C6;&#x178E;&#x1784;&#x17A2;&#x1794;&#x17CB;&#x179A;&#x17C6;&#x178A;&#x179B;&#x17CB;&#x1794;&#x17D2;&#x17A2;&#x17BC;&#x1793;&#x17D7;&#x1780;&#x17BB;&#x1798;&#x17B6;&#x179A;&#x17A2;&#x17C4;&#x1799;&#x178A;&#x17B9;&#x1784;&#x1790;&#x17B6; &#x1780;&#x17B6;&#x179A;&#x1787;&#x17BD;&#x1789;&#x178A;&#x17BC;&#x179A; &#x1793;&#x17B7;&#x1784;&#x1780;&#x17B6;&#x179A;&#x1794;&#x17D2;&#x179A;&#x17BE;&#x1794;&#x17D2;&#x179A;&#x17B6;&#x179F;&#x17CB;&#x1782;&#x17D2;&#x179A;&#x17BF;&#x1784;&#x1789;&#x17C0;&#x1793;&#x1782;&#x17B8;&#x1787;&#x17B6;&#x17A2;&#x17C6;&#x1796;&#x17BE;&#x1781;&#x17BB;&#x179F;&#x1785;&#x17D2;&#x1794;&#x17B6;&#x1794;&#x17CB;&#x200B; &#x17D4;&#x200B; &#x179F;&#x17BC;&#x1798;&#x1794;&#x17D2;&#x17A2;&#x17BC;&#x1793;&#x17BA;&#x1785;&#x17C0;&#x179F;&#x17A2;&#x17C4;&#x1799;&#x1795;&#x17BB;&#x178F;&#x1796;&#x17B8;&#x1780;&#x17B6;&#x179A;&#x179F;&#x17B6;&#x1780;&#x200B;&#x200B; &#x17AC; &#x1780;&#x17B6;&#x179A;&#x1794;&#x17D2;&#x179A;&#x17BE;&#x1794;&#x17D2;&#x179A;&#x17B6;&#x179F;&#x17CB;&#x1782;&#x17D2;&#x179A;&#x17BF;&#x1784;&#x1789;&#x17C0;&#x1793; &#x1796;&#x17D2;&#x179A;&#x17C4;&#x17C7;&#x179C;&#x17B6;&#x1793;&#x17B9;&#x1784;&#x1794;&#x17C6;&#x1795;&#x17D2;&#x179B;&#x17B6;&#x1789;&#x17A2;&#x1793;&#x17B6;&#x1782;&#x178F;&#x1794;&#x17D2;&#x17A2;&#x17BC;&#x1793;&#x17D7; &#x17D4;&#x200B;&#x1780;&#x17D2;&#x1793;&#x17BB;&#x1784;&#x1780;&#x179A;&#x178E;&#x17B8;&#x178A;&#x17C2;&#x179B;&#x1794;&#x17D2;&#x17A2;&#x17BC;&#x1793;&#x17D7;&#x1794;&#x17B6;&#x1793;&#x1783;&#x17BE;&#x1789;&#x17A2;&#x17D2;&#x1793;&#x1780;&#x1794;&#x17D2;&#x179A;&#x17BE;&#x1794;&#x17D2;&#x179A;&#x17B6;&#x179F;&#x17CB;&#x1782;&#x17D2;&#x179A;&#x17BF;&#x1784;&#x1789;&#x17C0;&#x1793; &#x17AC; &#x1780;&#x17B6;&#x179A;&#x1787;&#x17BD;&#x1789;&#x178A;&#x17BC;&#x179A;&#x1782;&#x17D2;&#x179A;&#x17C0;&#x1784;&#x1789;&#x17C0;&#x1793; &#x179F;&#x17BC;&#x1798;&#x1794;&#x17D2;&#x17A2;&#x17BC;&#x1793;&#x17D7;&#x179A;&#x17B6;&#x1799;&#x1780;&#x17B6;&#x179A;&#x178E;&#x17CF;&#x1791;&#x17C5;&#x17A2;&#x17B6;&#x1787;&#x17D2;&#x1789;&#x17B6;&#x1792;&#x179A;&#x178A;&#x17C2;&#x179B;&#x1793;&#x17C5;&#x1787;&#x17B7;&#x178F;&#x1794;&#x17C6;&#x1795;&#x17BB;&#x178F; &#x178A;&#x17BE;&#x1798;&#x17D2;&#x1794;&#x17B8;&#x1780;&#x17C6;&#x1785;&#x17B6;&#x178F;&#x17CB;&#x17A2;&#x17D2;&#x1793;&#x1780;&#x1791;&#x17B6;&#x17C6;&#x1784;&#x17A2;&#x179F;&#x17CB;&#x1793;&#x17C4;&#x17C7; &#x17D4;&#x200B;
&#x17CB;&#x17CB;&#x17CB;</subfield>
  </datafield>
  <datafield tag="520" ind1=" " ind2=" ">
    <subfield code="a">This story aims at educating the kids to be aware that drug trafficking and drug use are illegal activities. You, the children, must avoid trying or using drug because drug will ruin your future . If you see anyone  using or dealing drugs, you have to report the nearest local authorities to take the crackdown on them . </subfield>
  </datafield>
  <datafield tag="521" ind1="8" ind2=" ">
    <subfield code="a">510 
</subfield>
    <subfield code="b">Lexile estimate 
</subfield>
  </datafield>
  <datafield tag="521" ind1="8" ind2=" ">
    <subfield code="a">K 
</subfield>
    <subfield code="b">Raz-Plus 
</subfield>
  </datafield>
  <datafield tag="650" ind1=" " ind2=" ">
    <subfield code="a">&#x1794;&#x17C9;&#x17BC;&#x179B;&#x17B8;&#x179F;&#x1791;&#x1793;&#x17D2;&#x179F;&#x17B6;&#x1799;&#x1780;&#x17C6;&#x1785;&#x17B6;&#x178F;&#x17CB;&#x1782;&#x17D2;&#x179A;&#x17BF;&#x1784;&#x1789;&#x17C0;&#x1793;</subfield>
    <subfield code="v">&#x179A;&#x17BF;&#x1784;&#x1793;&#x17B7;&#x1791;&#x17B6;&#x1793;&#x1780;&#x17BB;&#x1798;&#x17B6;&#x179A;</subfield>
  </datafield>
  <datafield tag="650" ind1=" " ind2=" ">
    <subfield code="a">Rabbit police combats drug trafficking </subfield>
    <subfield code="v">Children's Stories </subfield>
  </datafield>
  <datafield tag="700" ind1=" " ind2=" ">
    <subfield code="a">Bunthorn, Theak </subfield>
    <subfield code="e">Illustrator </subfield>
  </datafield>
  <datafield tag="942" ind1=" " ind2=" ">
    <subfield code="2">ddc</subfield>
    <subfield code="c">KHB</subfield>
    <subfield code="n">0</subfield>
  </datafield>
  <datafield tag="999" ind1=" " ind2=" ">
    <subfield code="c">9047</subfield>
    <subfield code="d">9047</subfield>
  </datafield>
  <datafield tag="952" ind1=" " ind2=" ">
    <subfield code="0">0</subfield>
    <subfield code="1">0</subfield>
    <subfield code="2">ddc</subfield>
    <subfield code="4">0</subfield>
    <subfield code="7">0</subfield>
    <subfield code="8">Khmer-English Bilingual </subfield>
    <subfield code="a">002</subfield>
    <subfield code="b">002</subfield>
    <subfield code="c">TTP Khmer</subfield>
    <subfield code="d">2025-11-17</subfield>
    <subfield code="l">0</subfield>
    <subfield code="o">TON 823</subfield>
    <subfield code="p">FISBK04015</subfield>
    <subfield code="r">2025-11-17 16:05:00</subfield>
    <subfield code="t">1</subfield>
    <subfield code="w">2025-11-17</subfield>
    <subfield code="y">KHB</subfield>
  </datafield>
  <datafield tag="952" ind1=" " ind2=" ">
    <subfield code="0">0</subfield>
    <subfield code="1">0</subfield>
    <subfield code="2">ddc</subfield>
    <subfield code="4">0</subfield>
    <subfield code="7">0</subfield>
    <subfield code="8">Khmer-English Bilingual </subfield>
    <subfield code="a">002</subfield>
    <subfield code="b">002</subfield>
    <subfield code="c">TTP Khmer</subfield>
    <subfield code="d">2026-04-09</subfield>
    <subfield code="l">0</subfield>
    <subfield code="o">TON 823</subfield>
    <subfield code="p">2026-0497</subfield>
    <subfield code="r">2026-04-09 15:28:15</subfield>
    <subfield code="t">2</subfield>
    <subfield code="w">2026-04-09</subfield>
    <subfield code="y">KHB</subfield>
  </datafield>
</record>
